000 00252nam a2200121 i 4500
001 bg
245 0 _aStudia z automatyki.
260 _aWarszawa,
_c1988.
040 _cBPK
041 _apol
942 _cKS
008 s pl f |000 0 pol
999 _c28786
_d28786
856 _uhttp://koha.tu.koszalin.pl/cgi-bin/koha/opac-detail.pl?biblionumber=28786
_yKatalog online BPK